000 00941nam a2200277Ia 4500
003 OSt
005 20221007124238.0
006 a|||||r|||| 00| 0
007 ta
008 221006b |||||||| |||| 00| 0 eng d
020 _a9781606920923 (hbd)
024 _a125431
037 _b1250, 11/02/2011, Ashutosh Technical Books
_cTextbook
040 _aCDL
_cCDL
_beng
041 _2eng
_aeng
082 _aEOaG:55, P9 Carc
100 _aPearlman Jeffrey T Ed.
_9718765
245 0 _aGreen chemistry research trends
260 _aNew
_bYork Nova Science Publishers
_c2009
300 _ax, 307p.
_ccm.
500 _aIncludes bibliographical references.; Index 289-307p.
650 _a Environmental chemistry-industrial applications
_9718587
650 _aChemistry
942 _hEOaG:55, P9 Carc
_cTB
_2CC
999 _c1213243
_d1213243